000 00348nam a2200145Ia 4500
008 150201s2007 xx 000 0 und d
082 _a616.0757
_bR07D
100 _aDANNER,W
245 _aRADIOLOGY REVIEW MANUAL
250 _a6TH
260 _bWOLTER KLUVER
_aDELHI
_c2007
300 _a1-1210
650 _aRADIOLOGY & DIAGNOSIS
942 _2ddc
_cBK
999 _c359
_d359